[Event "Bengaluru Namma op 2nd"]
[Site "Bengaluru"]
[Date "2025.04.17"]
[Round "9"]
[White "Ajay, Karthikeyan"]
[Black "Ahaz, EU."]
[Result "0-1"]
[WhiteElo "2387"]
[BlackElo "2190"]
[PlyCount "84"]
[EventDate "2025.04.10"]
[EventType "swiss"]
[EventRounds "10"]
[EventCountry "IND"]
[SourceTitle "CB18_2025"]
[SourceDate "2025.04.30"]
[SourceVersion "1"]
[SourceVersionDate "2025.04.30"]
[SourceQuality "1"]

1. b3 d5 2. Bb2 Nf6 3. e3 c6 4. f4 Bf5 5. Nf3 e6 6. Bd3 Bxd3 7. cxd3 Nbd7 8. 0-0 Be7 9. Nc3 0-0 10. Rc1 a5 11. d4 Bb4 12. Ne5 Bxc3 13. Bxc3 Ne4 14. Bb2 f6 15. Nd3 a4 16. b4 a3 17. Ba1 Qe7 18. Nc5 Nd6 19. d3 Rfc8 20. Bc3 Nf8 21. Bd2 b6 22. Na4 Qa7 23. Nc3 Qa6 24. Qe2 c5 25. dxc5 bxc5 26. bxc5 Rxc5 27. Rb1 Rac8 28. Rb3 R5c6 29. Nb1 Rc2 30. Rxa3 Qb5 31. Rb3 Qa6 32. Ra3 Qb5 33. Rb3 Qa6 34. Nc3 Ne4 35. dxe4 Qxe2 36. Nxe2 Rxd2 37. Nd4 dxe4 38. a4 Ra2 39. Rb4 h5 40. h3 Ra8 41. Rc1 R2xa4 42. Rxa4 Rxa4 0-1

[Event "Bengaluru Namma op 2nd"]
[Site "Bengaluru"]
[Date "2025.04.10"]
[Round "1"]
[White "Ajay, Karthikeyan"]
[Black "Om, Nagnath Lamkane"]
[Result "1-0"]
[WhiteElo "2387"]
[BlackElo "2009"]
[PlyCount "87"]
[EventDate "2025.04.10"]
[EventType "swiss"]
[EventRounds "10"]
[EventCountry "IND"]
[SourceTitle "CB18_2025"]
[SourceDate "2025.04.30"]
[SourceVersion "1"]
[SourceVersionDate "2025.04.30"]
[SourceQuality "1"]

1. d4 Nf6 2. c4 g6 3. f3 Bg7 4. e4 d6 5. Nc3 0-0 6. Be3 c5 7. Nge2 cxd4 8. Nxd4 Nc6 9. Qd2 Bd7 10. Be2 Nxd4 11. Bxd4 Bc6 12. Rc1 Nd7 13. b4 Bxd4 14. Qxd4 Qb6 15. Qxb6 Nxb6 16. Kd2 Rfc8 17. Rc2 Bd7 18. Rhc1 Kf8 19. Nb1 Be6 20. a3 Rc7 21. Ke3 Rac8 22. Nd2 Nd7 23. f4 f6 24. Bd3 Bf7 25. g3 e5 26. Nf3 h6 27. h4 Ke7 28. Nd2 Nb6 29. g4 exf4+ 30. Kxf4 g5+ 31. hxg5 hxg5+ 32. Kg3 Nd7 33. Nf3 Ne5 34. Nxe5 fxe5 35. Be2 b6 36. a4 Rc6 37. Bd3 R8c7 38. c5 dxc5 39. Bb5 Rd6 40. bxc5 bxc5 41. Rxc5 Rxc5 42. Rxc5 Kf6 43. a5 a6 44. Be2 1-0

[Event "Titled Tuesday intern op 01st Apr Early"]
[Site "Chess.com INT"]
[Date "2025.04.01"]
[Round "10"]
[White "Ajay, Karthikeyan"]
[Black "Shirov, Alexei"]
[Result "0-1"]
[WhiteElo "2386"]
[BlackElo "2652"]
[PlyCount "74"]
[EventDate "2025.04.01"]
[EventType "swiss (blitz)"]
[EventRounds "11"]
[EventCountry "USA"]
[SourceTitle "CB15_2025"]
[SourceDate "2025.04.09"]
[SourceVersion "1"]
[SourceVersionDate "2025.04.09"]
[SourceQuality "1"]

1. d4 d5 2. Nf3 Nf6 3. Bf4 c5 4. e3 Nc6 5. Nbd2 Qb6 6. dxc5 Qxb2 7. Rb1 Qc3 8. Bb5 g6 9. Be5 Qxc5 10. c4 Bg7 11. cxd5 Qxd5 12. Bc4 Qd8 13. Qb3 0-0 14. Bc3 Na5 15. Bxa5 Qxa5 16. 0-0 Bf5 17. Rbc1 b6 18. Bb5 Be6 19. Nc4 Bxc4 20. Bxc4 Rac8 21. Bxf7+ Kh8 22. Be6 Rxc1 23. Rxc1 Ne4 24. Qd5 Qxd5 25. Bxd5 Nc3 26. Bc4 Rc8 27. Rxc3 Bxc3 28. Bb3 Bf6 29. Kf1 b5 30. Ke2 a5 31. Kd3 a4 32. Be6 Rc3+ 33. Kd2 b4 34. Ne1 Rc6 35. Bf7 Bc3+ 36. Ke2 Bxe1 37. Kxe1 Rc2 0-1

[Event "Titled Tuesday intern op 25th Mar Early"]
[Site "Chess.com INT"]
[Date "2025.03.25"]
[Round "8"]
[White "Ajay, Karthikeyan"]
[Black "Le, Quang Liem"]
[Result "0-1"]
[WhiteElo "2386"]
[BlackElo "2739"]
[PlyCount "114"]
[EventDate "2025.03.25"]
[EventType "swiss (blitz)"]
[EventRounds "11"]
[EventCountry "USA"]
[SourceTitle "CB14_2025"]
[SourceDate "2024.11.01"]
[SourceVersion "1"]
[SourceVersionDate "2024.11.01"]
[SourceQuality "1"]

1. Nf3 Nf6 2. b3 g6 3. Bb2 Bg7 4. e3 0-0 5. d4 d6 6. c4 Nbd7 7. Be2 e5 8. dxe5 Ng4 9. 0-0 Ngxe5 10. Nxe5 Nxe5 11. Nc3 Re8 12. Qd2 Bd7 13. Rad1 Bc6 14. Nd5 a5 15. e4 a4 16. f4 Nd7 17. Bxg7 Kxg7 18. Qd4+ f6 19. b4 a3 20. Nc3 Nf8 21. Bg4 Qe7 22. Rfe1 Ne6 23. Qf2 Qf7 24. Nd5 Nf8 25. Qd4 Ra4 26. Qc3 Bxd5 27. exd5 Raa8 28. Rxe8 Rxe8 29. Qxa3 f5 30. Qc3+ Qf6 31. Qxf6+ Kxf6 32. Bf3 Ra8 33. Rd2 Ra3 34. Kf2 g5 35. fxg5+ Kxg5 36. c5 Ng6 37. Be2 Ne5 38. Rc2 b6 39. cxd6 cxd6 40. g3 f4 41. gxf4+ Kxf4 42. Rd2 Ke4 43. Bf1 Ng4+ 44. Ke1 Ne3 45. Be2 Nxd5 46. Bc4 Ne3 47. Bb3 d5 48. Ke2 d4 49. Rb2 d3+ 50. Kd2 Kd4 51. Rb1 Nc4+ 52. Bxc4 Kxc4 53. Rb2 b5 54. h3 Kd4 55. Kc1 Ra6 56. Rg2 Kc3 57. Kb1 Re6 0-1

[Event "Titled Tuesday intern op 25th Mar Early"]
[Site "Chess.com INT"]
[Date "2025.03.25"]
[Round "9"]
[White "Pakleza, Zbigniew"]
[Black "Ajay, Karthikeyan"]
[Result "1/2-1/2"]
[WhiteElo "2485"]
[BlackElo "2386"]
[PlyCount "70"]
[EventDate "2025.03.25"]
[EventType "swiss (blitz)"]
[EventRounds "11"]
[EventCountry "USA"]
[SourceTitle "CB14_2025"]
[SourceDate "2024.11.01"]
[SourceVersion "1"]
[SourceVersionDate "2024.11.01"]
[SourceQuality "1"]

1. d4 Nf6 2. Nf3 g6 3. Bf4 Bg7 4. e3 d6 5. h3 0-0 6. Be2 c5 7. c3 b6 8. a4 a6 9. 0-0 Bb7 10. Nbd2 Nbd7 11. Bh2 Ra7 12. Ne1 Qa8 13. Bf3 Ne4 14. Nxe4 Bxe4 15. Bxe4 Qxe4 16. Nd3 Rb7 17. Re1 b5 18. axb5 axb5 19. f3 Qd5 20. Ra5 Qc6 21. Qa1 b4 22. Kh1 bxc3 23. bxc3 cxd4 24. cxd4 Nf6 25. e4 h6 26. e5 dxe5 27. dxe5 Nd7 28. Qa3 e6 29. Qd6 Qc3 30. Ra3 Qd2 31. Bf4 Qc2 32. Rc1 Qe2 33. Re1 Qc2 34. Rc1 Qe2 35. Re1 Qc2 1/2-1/2

[Event "Titled Tuesday intern op 25th Mar Early"]
[Site "Chess.com INT"]
[Date "2025.03.25"]
[Round "1"]
[White "Ruge, Edison"]
[Black "Ajay, Karthikeyan"]
[Result "0-1"]
[WhiteElo "2201"]
[BlackElo "2386"]
[PlyCount "98"]
[EventDate "2025.03.25"]
[EventType "swiss (blitz)"]
[EventRounds "11"]
[EventCountry "USA"]
[SourceTitle "CB14_2025"]
[SourceDate "2024.11.01"]
[SourceVersion "1"]
[SourceVersionDate "2024.11.01"]
[SourceQuality "1"]

1. e4 c5 2. Nf3 e6 3. d3 d5 4. Nbd2 Nc6 5. g3 g6 6. Bg2 Bg7 7. h4 h6 8. h5 g5 9. 0-0 Nge7 10. c3 Rb8 11. Qe2 b5 12. Nh2 Bb7 13. Ng4 b4 14. e5 Nf5 15. Nf3 Ba6 16. Rd1 Qc7 17. Qe1 bxc3 18. bxc3 Qa5 19. Bf1 d4 20. Bd2 Qa3 21. c4 Nb4 22. Bxb4 Rxb4 23. Rab1 0-0 24. Rxb4 Qxb4 25. Qe2 Rb8 26. Nf6+ Kh8 27. Nd2 Bb7 28. Rb1 Qa4 29. Bg2 Qxa2 30. Rxb7 Rxb7 31. Bxb7 Qb2 32. Be4 Ne7 33. Bf3 a5 34. Nde4 Qb1+ 35. Qd1 Qb4 36. Nd7 a4 37. Ndxc5 a3 38. Qb3 Qa5 39. Qb8+ Ng8 40. Qb1 a2 41. Qa1 Bxe5 42. Kg2 g4 43. Be2 f5 44. Nb3 Qa3 45. Ned2 Ne7 46. c5 Nc6 47. Bd1 Bc7 48. Nc4 Qa6 49. Nd6 Nb4 0-1

[Event "Titled Tuesday intern op 18th Mar Late"]
[Site "Chess.com INT"]
[Date "2025.03.18"]
[Round "11"]
[White "Ajay, Karthikeyan"]
[Black "Perez Gormaz, Matias Ariel"]
[Result "0-1"]
[WhiteElo "2386"]
[BlackElo "2394"]
[PlyCount "52"]
[EventDate "2025.03.18"]
[EventType "swiss (blitz)"]
[EventRounds "11"]
[EventCountry "USA"]
[SourceTitle "CB13_2025"]
[SourceDate "2025.03.26"]
[SourceVersion "1"]
[SourceVersionDate "2025.03.26"]
[SourceQuality "1"]

1. c4 e6 2. Nc3 d5 3. e3 Nf6 4. Nf3 a6 5. b3 b6 6. Bb2 Bb7 7. Rc1 Nbd7 8. cxd5 exd5 9. Ne2 Bd6 10. Ng3 0-0 11. Nf5 Bc5 12. Bd3 Re8 13. g4 Bf8 14. g5 Ne4 15. Rg1 g6 16. Nh6+ Bxh6 17. gxh6 c5 18. h4 d4 19. Kf1 Ne5 20. Bxe4 Bxe4 21. Ng5 Nd3 22. Rb1 Qf6 23. f3 Nxb2 24. Rxb2 dxe3 25. Rg2 Bd3+ 26. Kg1 e2 0-1

[Event "Titled Tuesday intern op 04th Mar Early"]
[Site "Chess.com INT"]
[Date "2025.03.04"]
[Round "1"]
[White "Ajay, Karthikeyan"]
[Black "Salimova, Asal"]
[Result "0-1"]
[WhiteElo "2386"]
[BlackElo "2050"]
[PlyCount "70"]
[EventDate "2025.03.04"]
[EventType "swiss (blitz)"]
[EventRounds "11"]
[EventCountry "USA"]
[SourceTitle "CB11_2025"]
[SourceDate "2025.03.12"]
[SourceVersion "1"]
[SourceVersionDate "2025.03.12"]
[SourceQuality "1"]

1. Nf3 d5 2. b3 Nf6 3. Bb2 e6 4. e3 Be7 5. g3 0-0 6. Bg2 Nfd7 7. 0-0 Bf6 8. d4 c5 9. c4 Nc6 10. Nc3 cxd4 11. Nxd4 Nxd4 12. exd4 dxc4 13. bxc4 Nb6 14. Ne4 Nxc4 15. Nxf6+ Qxf6 16. Bc3 Rb8 17. Qb3 b5 18. d5 Qh6 19. Bb4 Rd8 20. Rad1 exd5 21. Bxd5 Be6 22. Bg2 Bg4 23. Rxd8+ Rxd8 24. Bc3 a6 25. Re1 Bh3 26. Bf3 Qd6 27. Bb4 Qf6 28. Bd5 h6 29. Be7 Re8 30. Qb4 Qd4 31. Bc6 Rc8 32. Bc5 Qd2 33. Bb7 Rxc5 34. Re8+ Kh7 35. Qxc4 Rxc4 0-1

[Event "IND-ch 61st"]
[Site "Gurugram"]
[Date "2024.08.26"]
[Round "10"]
[White "Karthik, Venkataraman"]
[Black "Ajay, Karthikeyan"]
[Result "1-0"]
[WhiteElo "2568"]
[BlackElo "2401"]
[PlyCount "141"]
[EventDate "2024.08.17"]
[EventType "swiss"]
[EventRounds "11"]
[EventCountry "IND"]
[SourceTitle "EXT 2025"]
[Source "ChessBase"]
[SourceDate "2024.10.14"]
[SourceVersion "1"]
[SourceVersionDate "2024.10.14"]
[SourceQuality "1"]

1. Nf3 Nf6 2. c4 c6 3. g3 d5 4. Bg2 g6 5. b3 Bg7 6. Bb2 0-0 7. 0-0 Bg4 8. d3 Bxf3 9. Bxf3 Nbd7 10. Nd2 e5 11. Qc2 Re8 12. Bg2 a5 13. a3 Bf8 14. e3 Bd6 15. Rfc1 Rc8 16. Qd1 d4 17. exd4 exd4 18. Nf3 c5 19. Rcb1 Qe7 20. Bc1 Kg7 21. Bd2 b6 22. Qc2 h6 23. Qc1 Rh8 24. Qb2 Rhe8 25. h3 Qf8 26. b4 cxb4 27. axb4 Bxb4 28. Bxb4 axb4 29. Qxb4 Qxb4 30. Rxb4 Re6 31. Bf1 Rd6 32. Ra6 Ne8 33. h4 Nc7 34. Ra7 Ne6 35. Rb3 Rc7 36. Ra8 Kf6 37. Rb1 Ndc5 38. Ne1 Rcd7 39. Nc2 Rd8 40. Rxd8 Nxd8 41. Nb4 Nd7 42. Nd5+ Kg7 43. Nc7 Rc6 44. Nb5 Ne6 45. Ra1 Ne5 46. f4 Ng4 47. Ra7 Ne3 48. Be2 Nf5 49. Bf3 Rc8 50. Bd5 Kg8 51. Kf2 Rd8 52. Kf3 Nfg7 53. Rb7 Nc5 54. Bxf7+ Kf8 55. Ra7 Nxd3 56. Bd5 Re8 57. Nxd4 Nb4 58. Be4 Rc8 59. Bxg6 Rxc4 60. Rf7+ Kg8 61. Rd7 Rc3+ 62. Kg2 Rc8 63. f5 Ne8 64. Bf7+ Kh8 65. Bxe8 Rxe8 66. f6 Rf8 67. f7 Nd3 68. Ne6 Nc5 69. Nxf8 Kg7 70. Rd8 Kxf7 71. Rb8 1-0

[Event "Abu Dhabi Masters Online"]
[Site "Chess.com INT"]
[Date "2024.08.21"]
[Round "9"]
[White "Adhiban, Baskaran"]
[Black "Ajay, Karthikeyan"]
[Result "1-0"]
[WhiteElo "2532"]
[BlackElo "2401"]
[PlyCount "49"]
[EventDate "2024.08.21"]
[EventType "swiss (blitz)"]
[EventRounds "11"]
[EventCountry "UAE"]
[SourceTitle "CBM 221 Extra"]
[Source "ChessBase"]
[SourceDate "2024.09.30"]
[SourceVersion "1"]
[SourceVersionDate "2024.09.30"]
[SourceQuality "1"]

1. b3 e5 2. Bb2 Nc6 3. c4 Nf6 4. Nf3 e4 5. Nd4 Bc5 6. Nf5 0-0 7. e3 d6 8. Ng3 Re8 9. a3 a5 10. Nc3 Bd7 11. Qc2 Qe7 12. Be2 Qe6 13. 0-0 g6 14. f3 exf3 15. Bxf3 Ne7 16. Bxb7 Rab8 17. Rxf6 Qxf6 18. Nce4 Qe6 19. Bd5 Nxd5 20. cxd5 Qe7 21. Qc3 Qe5 22. Nf6+ Kh8 23. Nxd7 Qxc3 24. Bxc3+ f6 25. Nxb8 1-0

[Event "Abu Dhabi Masters Online"]
[Site "Chess.com INT"]
[Date "2024.08.21"]
[Round "1"]
[White "Binu, Devdutt"]
[Black "Ajay, Karthikeyan"]
[Result "0-1"]
[WhiteElo "2223"]
[BlackElo "2401"]
[PlyCount "74"]
[EventDate "2024.08.21"]
[EventType "swiss (blitz)"]
[EventRounds "11"]
[EventCountry "UAE"]
[SourceTitle "CBM 221 Extra"]
[Source "ChessBase"]
[SourceDate "2024.09.30"]
[SourceVersion "1"]
[SourceVersionDate "2024.09.30"]
[SourceQuality "1"]

1. Nf3 c5 2. g3 g6 3. Bg2 Bg7 4. d4 cxd4 5. Nxd4 Nc6 6. Nxc6 bxc6 7. c4 Nf6 8. Nc3 0-0 9. 0-0 Ba6 10. b3 Rb8 11. Bb2 Bxc4 12. Qc2 Ba6 13. Rfd1 d5 14. e4 e6 15. exd5 cxd5 16. Na4 Qe7 17. Bd4 Rfc8 18. Qb2 Ne8 19. Bxg7 Nxg7 20. Rac1 Nf5 21. Qd2 Bb5 22. Nc3 Bc6 23. Ne2 e5 24. Bxd5 Bxd5 25. Qxd5 Rd8 26. Qe4 Qa3 27. Qxe5 Re8 28. Qf4 Rb4 29. Qf3 Qxa2 30. Nc3 Qxb3 31. Rb1 Qa3 32. Rxb4 Qxb4 33. Nd5 Re1+ 34. Kg2 Qa5 35. Rxe1 Qxe1 36. Nf6+ Kg7 37. Qc3 Qxc3 0-1

[Event "SRI-ch Dini"]
[Site "Colombo"]
[Date "2024.08.03"]
[Round "9"]
[White "Ghosh, Diptayan"]
[Black "Ajay, Karthikeyan"]
[Result "1/2-1/2"]
[WhiteElo "2568"]
[BlackElo "2401"]
[PlyCount "157"]
[EventDate "2024.07.29"]
[EventType "swiss"]
[EventRounds "10"]
[EventCountry "SRI"]
[SourceTitle "CBM 221 Extra"]
[Source "ChessBase"]
[SourceDate "2024.09.30"]
[SourceVersion "1"]
[SourceVersionDate "2024.09.30"]
[SourceQuality "1"]

1. Nf3 c5 2. c4 Nc6 3. Nc3 g6 4. e3 Bg7 5. d4 d6 6. h3 Nf6 7. d5 Na5 8. e4 0-0 9. Bd3 a6 10. 0-0 Rb8 11. Qe2 Nd7 12. Be3 Qc7 13. Rfc1 Ne5 14. Nxe5 Bxe5 15. Rab1 b6 16. b4 Nb7 17. a3 Bd7 18. Qd2 Rfc8 19. h4 Qd8 20. g3 Qf8 21. Kg2 Qg7 22. Bh6 Qh8 23. Ne2 b5 24. Be3 h5 25. Rc2 Kh7 26. Rbc1 bxc4 27. Bxc4 Ba4 28. Ra2 Bb5 29. Qd3 Qe8 30. f4 Bg7 31. f5 Be5 32. fxg6+ fxg6 33. Nf4 Bxc4 34. Rxc4 Qb5 35. a4 Qe8 36. bxc5 Bxf4 37. gxf4 Nxc5 38. Bxc5 dxc5 39. e5 Qd7 40. e6 Qd6 41. Re2 Rf8 42. Re5 Rxf4 43. Rxh5+ Kg7 44. Qc3+ Rf6 45. Rg5 Kh7 46. h5 Rbf8 47. hxg6+ Kg8 48. Qh3 Rf2+ 49. Kg1 Rf1+ 50. Qxf1 Rxf1+ 51. Kxf1 Qh2 52. g7 Qd2 53. Rgg4 Qd1+ 54. Kf2 Qd2+ 55. Kg1 Qe1+ 56. Kg2 Qd2+ 57. Kg3 Qe3+ 58. Kh2 Qe2+ 59. Kh3 Qf3+ 60. Kh4 Qf2+ 61. Kh5 Qh2+ 62. Kg6 Qh7+ 63. Kg5 Qd3 64. Rcf4 Qxd5+ 65. Kh4 Qh1+ 66. Kg3 Qe1+ 67. Rf2 Qg1+ 68. Kf3 Qd1+ 69. Kf4 Qe1 70. Rf3 Qxe6 71. Rg5 Qe1 72. Kg4 Qg1+ 73. Kf5 Qd4 74. Rf4 Qd5+ 75. Kg4 Qg2+ 76. Kh4 Qh2+ 77. Kg4 Qg2+ 78. Kh4 Qh1+ 79. Kg4 1/2-1/2

[Event "Titled Tuesday intern op 06th Feb Early"]
[Site "Chess.com INT"]
[Date "2024.02.06"]
[Round "2"]
[White "Ajay, Karthikeyan"]
[Black "Kleibel, Uwe"]
[Result "1-0"]
[WhiteElo "2401"]
[BlackElo "2302"]
[PlyCount "89"]
[EventDate "2024.02.06"]
[EventType "swiss (blitz)"]
[EventRounds "11"]
[EventCountry "USA"]
[SourceTitle "CBM 218 Extra"]
[Source "ChessBase"]
[SourceDate "2024.03.31"]
[SourceVersion "1"]
[SourceVersionDate "2024.03.31"]
[SourceQuality "1"]

1. Nf3 d5 2. b3 c6 3. Bb2 Bf5 4. d3 e6 5. Nbd2 Nf6 6. g3 h6 7. Bg2 Bh7 8. 0-0 Be7 9. Ne5 0-0 10. e4 a5 11. a3 Nfd7 12. Ng4 Na6 13. f4 Qb6+ 14. Kh1 f5 15. exf5 exf5 16. Ne5 Nxe5 17. Bxe5 Bg6 18. Re1 Rfe8 19. d4 Bf8 20. c3 Nc7 21. Nf3 Nb5 22. Qc1 Nd6 23. Bxd6 Bxd6 24. Ne5 Bh7 25. Qc2 Re7 26. b4 a4 27. Bh3 g6 28. Rad1 h5 29. Bg2 Qc7 30. h4 b5 31. Qa2 Kg7 32. Re2 Rae8 33. Rde1 Bg8 34. Bh3 Bh7 35. Qc2 Qc8 36. Bg2 Qc7 37. Bf3 Qc8 38. Kg2 Qc7 39. Nd3 Rxe2+ 40. Rxe2 Rxe2+ 41. Qxe2 Qe7 42. Qxe7+ Bxe7 43. Ne5 Bg8 44. Nxc6 Bd6 45. Na7 1-0

[Event "Titled Tuesday intern op 29th Aug Early"]
[Site "Chess.com INT"]
[Date "2023.08.29"]
[Round "5"]
[White "Bharath, Subramaniyam H"]
[Black "Ajay, Karthikeyan"]
[Result "0-1"]
[WhiteElo "2482"]
[BlackElo "2429"]
[PlyCount "134"]
[EventDate "2023.08.29"]
[EventType "swiss (blitz)"]
[EventRounds "11"]
[EventCountry "USA"]
[SourceTitle "EXT 2024"]
[Source "ChessBase"]
[SourceDate "2023.10.10"]
[SourceVersion "1"]
[SourceVersionDate "2023.10.10"]
[SourceQuality "1"]

1. e4 c5 2. Nf3 d6 3. d4 cxd4 4. Nxd4 Nf6 5. Nc3 a6 6. h3 e5 7. Nf3 Nbd7 8. g4 Nc5 9. Qe2 b5 10. Bg5 Bb7 11. 0-0-0 Be7 12. Bxf6 Bxf6 13. Nd5 0-0 14. h4 Bxd5 15. Rxd5 Ne6 16. Rd2 Nf4 17. Qe3 Qc7 18. g5 Be7 19. Kb1 Rac8 20. Bd3 Rfd8 21. Rhd1 Bf8 22. Bf1 d5 23. exd5 Rxd5 24. Qe4 Rxd2 25. Rxd2 Rd8 26. Rxd8 Qxd8 27. Bd3 Nxd3 28. cxd3 Bd6 29. h5 g6 30. h6 Kf8 31. Kc2 Qc8+ 32. Kd2 Qc5 33. Ke2 Qc2+ 34. Kf1 Bc5 35. Qa8+ Ke7 36. Qb7+ Kd8 37. Qb8+ Kd7 38. Nxe5+ Ke6 39. Qe8+ Kf5 40. Qxf7+ Kxe5 41. Qf6+ Kd5 42. Qf3+ Kd6 43. Qf6+ Kc7 44. Qf7+ Kb6 45. Kg2 Qxd3 46. Qxh7 Qe4+ 47. Kf1 Qd4 48. Qxg6+ Ka5 49. Qf5 Qxb2 50. g6 Qc1+ 51. Kg2 Qxh6 52. Qxc5 Qxg6+ 53. Kh2 Qh6+ 54. Kg3 Qg6+ 55. Kf4 Qf7+ 56. Ke3 Qxa2 57. f4 Ka4 58. f5 b4 59. f6 Qb3+ 60. Kf4 Qe6 61. Qe5 Qxe5+ 62. Kxe5 b3 63. f7 b2 64. f8Q b1Q 65. Qf4+ Qb4 66. Qf1 Qb5+ 67. Qxb5+ axb5 0-1

[Event "Abu Dhabi op 29th"]
[Site "Abu Dhabi"]
[Date "2023.08.24"]
[Round "9"]
[White "Xie, Kaifan"]
[Black "Ajay, Karthikeyan"]
[Result "1/2-1/2"]
[WhiteElo "2369"]
[BlackElo "2429"]
[PlyCount "103"]
[EventDate "2023.08.16"]
[EventType "swiss"]
[EventRounds "9"]
[EventCountry "UAE"]
[SourceTitle "CBM 216 Extra"]
[Source "ChessBase"]
[SourceDate "2023.11.30"]
[SourceVersion "1"]
[SourceVersionDate "2023.11.30"]
[SourceQuality "1"]

1. d4 Nf6 2. c4 g6 3. Nc3 Bg7 4. e4 0-0 5. f3 d6 6. Nge2 c5 7. d5 e6 8. Ng3 exd5 9. cxd5 a6 10. a4 Nbd7 11. Be2 h5 12. Bg5 Re8 13. 0-0 Nf8 14. Re1 Bd7 15. Qd2 N8h7 16. Bf4 h4 17. Nf1 Qc7 18. a5 Nh5 19. Be3 b5 20. axb6 Qxb6 21. Bf2 Reb8 22. Reb1 Bd4 23. Ne3 Qd8 24. Nc4 Qf6 25. Rd1 Bxf2+ 26. Kxf2 Ng5 27. Qe3 Re8 28. Nb6 Rad8 29. Rxa6 Nf4 30. Nxd7 Rxd7 31. Bb5 Rb7 32. Rd2 Ree7 33. Bf1 Nh5 34. g3 hxg3+ 35. hxg3 Rb4 36. Kg2 Kg7 37. Bd3 Reb7 38. f4 Qd4 39. Qxd4+ Rxd4 40. Ra4 Nxe4 41. Nxe4 Rxa4 42. Nxd6 Rb8 43. Nc4 Nf6 44. Be2 Ne4 45. Rc2 Rd8 46. Bf3 Nf6 47. Ne5 c4 48. Nxc4 Rb4 49. Ne5 Nxd5 50. Bxd5 Rxd5 51. Rc7 Rxb2+ 52. Kf3 1/2-1/2

[Event "Abu Dhabi op 29th"]
[Site "Abu Dhabi"]
[Date "2023.08.21"]
[Round "6"]
[White "Ajay, Karthikeyan"]
[Black "Kobalia, Mihail"]
[Result "0-1"]
[WhiteElo "2429"]
[BlackElo "2547"]
[PlyCount "58"]
[EventDate "2023.08.16"]
[EventType "swiss"]
[EventRounds "9"]
[EventCountry "UAE"]
[SourceTitle "CBM 216 Extra"]
[Source "ChessBase"]
[SourceDate "2023.11.30"]
[SourceVersion "1"]
[SourceVersionDate "2023.11.30"]
[SourceQuality "1"]

1. d4 d5 2. Nf3 Nf6 3. Bf4 c5 4. e3 Nc6 5. Nbd2 Bg4 6. c3 e6 7. Qb3 Qc8 8. Ne5 Nxe5 9. dxe5 c4 10. Qa4+ Nd7 11. h3 Bh5 12. e4 Be7 13. exd5 exd5 14. Qb5 Bc5 15. Be2 Bxe2 16. Kxe2 0-0 17. Rhe1 a6 18. Qa4 f6 19. Kf1 Bxf2 20. Kxf2 fxe5 21. Kg1 Rxf4 22. Nf3 Qc7 23. Qc2 Raf8 24. Qd2 Qc5+ 25. Kh1 e4 26. Nd4 Qd6 27. Kg1 Ne5 28. Re2 Qg6 29. Kh2 Nd3 0-1

[Event "Abu Dhabi op 29th"]
[Site "Abu Dhabi"]
[Date "2023.08.19"]
[Round "4"]
[White "Ajay, Karthikeyan"]
[Black "Vakhidov, Jahongir"]
[Result "1/2-1/2"]
[WhiteElo "2429"]
[BlackElo "2618"]
[PlyCount "38"]
[EventDate "2023.08.16"]
[EventType "swiss"]
[EventRounds "9"]
[EventCountry "UAE"]
[SourceTitle "CBM 216 Extra"]
[Source "ChessBase"]
[SourceDate "2023.11.30"]
[SourceVersion "1"]
[SourceVersionDate "2023.11.30"]
[SourceQuality "1"]

1. d4 Nf6 2. c4 g6 3. Nc3 d5 4. Nf3 Bg7 5. Qb3 dxc4 6. Qxc4 Be6 7. Qa4+ Bd7 8. Qa3 Bg4 9. e3 Qd6 10. Qb3 Qb6 11. Ne5 Be6 12. Bc4 Bxc4 13. Qxc4 0-0 14. 0-0 Na6 15. b3 Qb4 16. Nd3 Qb6 17. Ne5 Qb4 18. Nd3 Qb6 19. Ne5 Qb4 1/2-1/2